Mercury rhapsody /

Na minha lista:
Detalhes bibliográficos
Formato: Livro
Idioma:Língua italiana
Publicado em: Milano : Edizioni Blues Brothers, 1993
Tags: Adicionar Tag
Sem tags, seja o primeiro a adicionar uma tag!

MARC

LEADER 00000nam a22000007i 4500
001 IT\ICCU\UBO\3432876
003 ItRI
005 20260115232433.0
008 080605s1993 it |||||| ||||| |||||c
040 |b ita  |c importazione bologna sebina 
041 7 |a ita  |2 ISO-639-2 
245 0 0 |a Mercury rhapsody /  |c Autori vari. 
260 |a Milano :  |b Edizioni Blues Brothers,  |c 1993 
300 |a 138 p. :  |b ill. ;  |c 15 cm. 
942 |2 ddc  |c BK  |n 0 
952 |0 0  |1 0  |4 0  |6 DOC_782_421000000000000_MER  |7 0  |9 25752  |a BO  |b BO  |d 2026-01-15  |i 2915  |l 0  |o DOC 782.421 MER  |p BO2915  |r 2026-01-15 23:24:33  |w 2026-01-15  |x [Sebina 5] [1 v.]  |y BK  |z 1 v. 
999 |c 21842  |d 21842